Overgroups of Sylow subgroups in sporadic groups

Αποθηκεύτηκε σε:
Λεπτομέρειες βιβλιογραφικής εγγραφής
Κύριος συγγραφέας: Aschbacher, Michael 1944-
Μορφή: Βιβλίο
Γλώσσα:English
Δημοσίευση: Providence, R.I., USA : American Mathematical Society, 1986
Σειρά:Memoirs of the American Mathematical Society ; ; 343
Θέματα:
Ετικέτες: Προσθήκη ετικέτας
Δεν υπάρχουν, Καταχωρήστε ετικέτα πρώτοι!

MARC

LEADER 00000cam a2200000 i 4500
001 1/50500
008 941103s1986 eng d
020 |a 0821823442 
035 |l 10043894 
035 |a 1994 
040 |a GR-MY-UA  |b gre  |e aacr 
041 0 |a eng 
082 0 |a 512.2 
100 1 |a Aschbacher, Michael  |d 1944- 
245 1 0 |a Overgroups of Sylow subgroups in sporadic groups /  |c Michael Aschbacher 
260 |a Providence, R.I., USA :   |b American Mathematical Society,   |c 1986 
300 |a iv, 235 p.;  |c 26 cm 
490 1 |a Memoirs of the American Mathematical Society  |v ; 343 
500 |a "Volume 60." 
504 |a Bibliography: p. 233-235 
650 0 0 |a Sporadic groups (Mathematics) 
650 0 0 |a Sylow subgroups. 
830 0 |a Memoirs of the American Mathematical Society ;  |v ; 343 
852 |a INST  |b SAMOS  |e 19941103  |h 512.2 ASC  |p 005300009564  |q 005300009564  |t BK  |y 0 
909 |a Σ  |b 033731